01369nam a2200193Ia 450000500170000000800410001704000440005804100080010208200140011010000410012424500450016526000560021030000360026649000390030250006560034150501180099750600210111565000390113620240117091507.0130821s1935 ck fr fdspa  aCo-BoUCMbspacSandra YazodSandra Yazo00aspa04a863.32201 aRendón, Francisco de P.d1855-191710aInocencia.cPor Francisco de P. Rendón aBogotá (Colombia)bEditorial Minerva S. A. c1935 a179, [1] páginasc18 x 14 cm. 0aBiblioteca Aldeana de Colombiav13 aDetalles físicos: Sin encuadernación original. Actualmente: Encuadernación rígida (holandesa) en cartón forrado en papel jaspeado en tono azul. Lomo de tela, con letras y líneas decorativas en dorado. Cortes decorados (jaspeado azul). Guardas. Hoja de cortesía. Portada impresa en una sola tinta. Grabado con el emblema de la Colección. Texto impreso en una sola columna, con diferentes tipos y tamaños de letra. Notas de pie de página. Papel oxidado en bordes de las hojas. En la encuadernación (lomo) se indica una numeración (13). Colección Aldeana de Colombia es una selección de Samper Ortega de Literatura Colombiana.0 aD. Francisco de P. Rendón / Hortensia Ceballos de Moreno ; Inocencia: Capítulos I a XX ; Lenguas y Corazones. aConsulta en sala 7aNovela colombiana ySiglo XIX - XX